00269nam a22000977a 4500082001600000110003100016245003000047260004700077300001000124526003700134 a297bGHUcM aGhulam ullah khan, Mulana  aجواھر التوحید aRawalpindi,bKutub khana Rasheedia,c2004. a408p. a0b0c0d297_000000000000000_GHU